| 000 | 00553cam a22002053a 4500 | ||
|---|---|---|---|
| 001 | 45897 | ||
| 003 | PGUSA | ||
| 005 | 20140828084053.0 | ||
| 008 | 140606s2014||||xxu|||||s|||||000 | eng d | ||
| 040 |
_aPGUSA _beng |
||
| 042 | _adc | ||
| 100 | 1 |
_aKeats, John, _d1795-1821 |
|
| 245 | 1 | 0 |
_aRunoelmia _h[electronic resource] / _cJohn Keats |
| 260 |
_bProject Gutenberg, _c2014 |
||
| 506 | _aPublic domain in the USA. | ||
| 516 | _aElectronic text | ||
| 830 | 0 |
_aProject Gutenberg _v45897 |
|
| 856 | 4 | 0 | _uhttp://www.gutenberg.org/ebooks/45897 |
| 942 | _cEB | ||
| 999 |
_c275147 _d275147 |
||